000 01832 a2200229 4500
001 26918
005 20260407155546.0
008 260407a1972 arg spa d
003 AR-UNSa-BCEJYS
040 _aAR-UNSa-BCEJYS
_bspa
_cAR-UNSa-BCEJYS
080 _a347.736
_xQuiebra. Insolvencia. Suspensión de pagos. Bancarrota, procedimientos. Derecho Concursal
245 1 0 _aLey de Concursos
_pLey 19.551, comentada, concordada y anotada
264 1 _aBuenos Aires :
_bVíctor P. de Zavalía
_c1972
300 _a431 p.
_c23 cm.
505 _aA. De los concursos omerciales: Parte I: Principios generales - Parte II: Concurso preventivo: 1. Requisitos - 2. Apertura - 3. Trámite hasta la junta - 4. Contenido y votación del acuerdo preventivo - 5. Impugnación, homologación,cumplimiento y nulidad del acuerdo - 6. Disposiciones particulares para el acuredo por cesión de bienes - Parte III: Quiebra: 1. Declaración - 2. Efectos de la quiebra - 3. Extensión de la quiebra y responsabilidad de terceros - 4. Incautación, conservación y administración de los bienes - 5. Período informativo en la quiebra directa - 6. Liquidación y distribuación - 7. Conclusión dela quiebra - 8. Clausura del procedimiento - 9. Calificación de conducta del fallido y de los terceros - 10. Rehabilitación - Parte IV: Concurso por liquidación administrativa - Parte V: Disposiciones comunes: 1. Privilegios - 2. Funcionarios y empleados de los concursos - 3. Reglas procesales - B. De los concursos civiles - C. Disposiciones complementarias y transitorias.
942 _cBK
590 _aniveau_biblio:m niveau_hierar:0
100 1 _aLoza, Eufracio R.
650 _aLey Nº 19.551
856 4 1 _uhttps://biblioeco.unsa.edu.ar/pmb/images/libros/Ley de Concursos-l24598.jpg
_yImagen de portada
_qimage/jpeg
650 _a ley nº 19 551
999 _c1516
_d1516